[Event "TCh-FRA Top 12 2011"]
[Site "Mulhouse FRA"]
[Date "2011.05.30"]
[Round "5"]
[White "Moussard, Jules"]
[Black "Roos, Daniel"]
[Result "1-0"]
[WhiteTitle "IM"]
[BlackTitle "IM"]
[WhiteElo "2422"]
[BlackElo "2389"]
[WhiteTeam "Evry Grand Roque"]
[BlackTeam "C.E. Strasbourg"]
[WhiteFideId "642908"]
[BlackFideId "600253"]
[EventDate "2011.05.26"]

1. e4 c6 2. d4 d5 3. f3 e6 4. Nc3 Nf6 5. e5 Nfd7 6. f4 c5 7. Nf3 Nc6 8. Be3 a6
9. Qd2 b5 10. a3 Rb8 11. Be2 Qb6 12. O-O cxd4 13. Nxd4 Bc5 14. Rfd1 g5 15. g3
Rg8 16. Kf1 gxf4 17. gxf4 Nxd4 18. Bxd4 f6 19. exf6 Bxd4 20. Qxd4 Nxf6 21. Bf3
Qxd4 22. Rxd4 Rb7 23. f5 Rbg7 24. Kf2 Rg5 25. fxe6 Bxe6 26. a4 Rf5 27. axb5 Rf8
28. bxa6 Ng4+ 29. Kg1 Nxh2 30. Kxh2 Rxf3 31. a7 Rh3+ 32. Kg2 Rg8+ 33. Kf2 Rh2+
34. Ke3 Rg3+ 35. Kf4 Rg8 36. Ke3 Ke7 37. Kf4 Ke8 1-0

[Event "TCh-FRA Top 12 2011"]
[Site "Mulhouse FRA"]
[Date "2011.05.30"]
[Round "5"]
[White "Edouard, Romain"]
[Black "Adla, Diego"]
[Result "1/2-1/2"]
[WhiteTitle "GM"]
[BlackTitle "IM"]
[WhiteElo "2602"]
[BlackElo "2507"]
[WhiteTeam "L'Echiquier Chalonnais"]
[BlackTeam "A.J.E. Noyon"]
[WhiteFideId "633429"]
[BlackFideId "100072"]
[EventDate "2011.05.26"]

1. d4 d5 2. c4 c6 3. Nf3 Nf6 4. Nc3 e6 5. Bg5 h6 6. Bxf6 Qxf6 7. e3 g6 8. Bd3
Bg7 9. O-O O-O 10. Qc2 Nd7 11. e4 dxc4 12. Bxc4 e5 13. d5 Nb6 14. Bb3 Bg4 15.
Nd2 Rac8 16. Qd3 Rfd8 17. Nc4 h5 18. Nxb6 axb6 19. Qe3 b5 20. h3 Bd7 21. a4 bxa4
22. Nxa4 cxd5 23. Bxd5 Bxa4 24. Rxa4 Bf8 25. Bxb7 Rc2 26. Ra6 Rd6 27. Qb3 Rcd2
28. Rxd6 Bxd6 29. Qc3 Re2 30. Bd5 Kg7 31. Bxf7 Rxe4 32. Ba2 Rd4 33. Bb1 e4 34.
Re1 Bb4 35. Qc7+ Kh6 36. Rf1 Rd2 37. Bxe4 Rxb2 38. Qc1+ Bd2 39. Qc8 Ba5 40. Qc1+
Kg7 41. f4 Qc3 42. Qxc3+ Bxc3 43. Rd1 Rd2 44. Rc1 Re2 45. Rxc3 Rxe4 46. g3 h4
47. Kf2 hxg3+ 48. Kxg3 Re6 49. Kg4 Kf6 50. h4 Ra6 51. Rc5 Ra1 52. h5 Rg1+ 53.
Kf3 gxh5 54. Rxh5 1/2-1/2

[Event "TCh-FRA Top 12 2011"]
[Site "Mulhouse FRA"]
[Date "2011.05.30"]
[Round "5"]
[White "Clery, Nicolas"]
[Black "Demuth, Adrien"]
[Result "1/2-1/2"]
[WhiteTitle "IM"]
[BlackTitle "IM"]
[WhiteElo "2396"]
[BlackElo "2414"]
[WhiteTeam "A.J.E. Noyon"]
[BlackTeam "L'Echiquier Chalonnais"]
[WhiteFideId "614904"]
[BlackFideId "642274"]
[EventDate "2011.05.26"]

1. Nf3 Nf6 2. c4 g6 3. Nc3 d5 4. cxd5 Nxd5 5. e4 Nxc3 6. bxc3 Bg7 7. d4 c5 8.
Be3 Qa5 9. Qd2 O-O 10. Rc1 Rd8 11. d5 e6 12. Bg5 Re8 13. d6 Bd7 14. Bh6 Bf6 15.
h4 Bc6 16. h5 Nd7 17. hxg6 hxg6 18. Qe3 c4 19. Bg5 Bg7 20. Nd4 Bxe4 21. Bh6 Qe5
22. Bxg7 Kxg7 23. f4 Qd5 24. f5 exf5 25. Qh6+ Kf6 26. Qh4+ Kg7 27. Qh6+ Kf6 28.
Qh4+ Kg7 29. Qh6+ Kf6 30. Qh4+ Ke5 31. Rd1 Bxg2 1/2-1/2

[Event "TCh-FRA Top 12 2011"]
[Site "Mulhouse FRA"]
[Date "2011.05.30"]
[Round "5"]
[White "Assad, Karine"]
[Black "Guilleux, Fabien"]
[Result "0-1"]
[WhiteTitle "WFM"]
[BlackTitle "FM"]
[WhiteElo "2022"]
[BlackElo "2382"]
[WhiteTeam "A.J.E. Noyon"]
[BlackTeam "L'Echiquier Chalonnais"]
[WhiteFideId "623067"]
[BlackFideId "657883"]
[EventDate "2011.05.26"]

1. d4 Nf6 2. Nf3 g6 3. c4 Bg7 4. Nc3 d5 5. cxd5 Nxd5 6. e4 Nxc3 7. bxc3 c5 8.
Be3 Qa5 9. Qd2 O-O 10. Rc1 Rd8 11. Bc4 Nc6 12. Ng5 e6 13. d5 Ne5 14. Be2 exd5
15. exd5 c4 16. f4 Rxd5 17. Bd4 Nd3+ 18. Bxd3 cxd3 19. Bxg7 Kxg7 20. c4 Qxd2+
21. Kxd2 Ra5 22. Kxd3 Rxa2 23. Rhg1 Bf5+ 24. Kc3 Rf2 25. Rcf1 Rc2+ 26. Kb3 b5
27. cxb5 Rb8 28. Rc1 Rxb5+ 29. Ka4 Rcb2 30. Rc7 a6 31. Rc3 Ra2+ 32. Ra3 Bc2# 0-1

[Event "TCh-FRA Top 12 2011"]
[Site "Mulhouse FRA"]
[Date "2011.05.30"]
[Round "5"]
[White "Muller, Anne"]
[Black "Tissot, Alice"]
[Result "1/2-1/2"]
[WhiteTitle "WIM"]
[WhiteElo "2152"]
[BlackElo "1948"]
[WhiteTeam "L'Echiquier Chalonnais"]
[BlackTeam "A.J.E. Noyon"]
[WhiteFideId "604674"]
[BlackFideId "646687"]
[EventDate "2011.05.26"]

1. e4 c5 2. Nf3 Nc6 3. d4 cxd4 4. Nxd4 Nf6 5. Nc3 e5 6. Ndb5 d6 7. Bg5 a6 8. Na3
b5 9. Nd5 Be7 10. Bxf6 Bxf6 11. c3 Bg5 12. Nc2 Rb8 13. Be2 O-O 14. O-O a5 15.
Nce3 Bxe3 16. Nxe3 Be6 17. Qd2 Qd7 18. Rfd1 Rfd8 19. h3 Qb7 20. Nd5 Ne7 21.
Nxe7+ Qxe7 22. Bg4 b4 23. Bxe6 Qxe6 24. Qd5 bxc3 25. bxc3 Qxd5 26. Rxd5 a4 27.
Ra5 Ra8 28. Rxa8 Rxa8 29. Rd1 Ra6 30. Rd5 Kf8 31. Rb5 Ke7 32. Rb4 Ke6 33. Kf1 h6
34. Ke2 g5 35. g4 d5 36. exd5+ Kxd5 37. Kd3 Rf6 38. c4+ Kc5 39. Rxa4 Rxf2 40.
Ra5+ Kd6 41. Ra6+ Kc5 42. a4 f6 43. Re6 Rf3+ 44. Ke2 Rf4 45. a5 Kxc4 46. a6 Kd5
47. Rb6 Kc5 48. a7 1/2-1/2

[Event "TCh-FRA Top 12 2011"]
[Site "Mulhouse FRA"]
[Date "2011.05.31"]
[Round "6"]
[White "Edouard, Romain"]
[Black "Bauer, Christian"]
[Result "1/2-1/2"]
[WhiteTitle "GM"]
[BlackTitle "GM"]
[WhiteElo "2602"]
[BlackElo "2638"]
[WhiteTeam "L'Echiquier Chalonnais"]
[BlackTeam "Vandoeuvre-Echecs"]
[WhiteFideId "633429"]
[BlackFideId "603767"]
[EventDate "2011.05.26"]

1. e4 e6 2. d4 d5 3. Nc3 Bb4 4. e5 c5 5. a3 Bxc3+ 6. bxc3 Qa5 7. Bd2 Qa4 8. Qb1
a6 9. Nf3 Ne7 10. Be2 Nd7 11. O-O h6 12. Re1 c4 13. Nh4 g5 14. Nf3 Ng6 15. h3
Qa5 16. Qd1 Nb6 17. Nh2 Bd7 18. Bh5 Ba4 19. Ra2 O-O-O 20. Qf3 Rdf8 21. g3 Nd7
22. Ng4 Ne7 23. Nf6 Nf5 24. Nxd7 Bxd7 25. Qe2 f6 26. Bg4 1/2-1/2

[Event "TCh-FRA Top 12 2011"]
[Site "Mulhouse FRA"]
[Date "2011.05.31"]
[Round "6"]
[White "Vernay, Clovis"]
[Black "Genzling, Alain"]
[Result "0-1"]
[WhiteTitle "IM"]
[BlackTitle "FM"]
[WhiteElo "2462"]
[BlackElo "2395"]
[WhiteTeam "L'Echiquier Chalonnais"]
[BlackTeam "Vandoeuvre-Echecs"]
[WhiteFideId "633046"]
[BlackFideId "632708"]
[EventDate "2011.05.26"]

1. d4 Nf6 2. c4 e6 3. Nc3 Bb4 4. Qc2 Nc6 5. e3 d6 6. Bd3 Qe7 7. Ne2 e5 8. O-O
Bxc3 9. Qxc3 O-O 10. b4 a5 11. b5 exd4 12. exd4 Nb4 13. Bg5 Nxd3 14. Qxd3 h6 15.
Bh4 Qe4 16. Qxe4 Nxe4 17. f3 Ng5 18. Nc3 b6 19. Bxg5 hxg5 20. Nd5 Bb7 21. Ne7+
Kh7 22. Kf2 g6 23. Rfe1 Kg7 24. Re3 Rh8 25. c5 dxc5 26. dxc5 bxc5 27. Rc1 Rxh2
28. Rxc5 g4 29. Kg3 Rah8 30. Rxc7 gxf3 31. Rxb7 fxg2 32. Kf2 Rd8 33. Nf5+ Kf6
34. Nd6 Rxd6 35. Rf3+ Kg5 36. Rg3+ Kh4 37. Rxf7 g1=Q+ 0-1

[Event "TCh-FRA Top 12 2011"]
[Site "Mulhouse FRA"]
[Date "2011.05.31"]
[Round "6"]
[White "Vaisser, Anatoly"]
[Black "Istratescu, Andrei"]
[Result "1/2-1/2"]
[WhiteTitle "GM"]
[BlackTitle "GM"]
[WhiteElo "2533"]
[BlackElo "2623"]
[WhiteTeam "C.E. Strasbourg"]
[BlackTeam "Marseille Echecs"]
[WhiteFideId "603252"]
[BlackFideId "1200372"]
[EventDate "2011.05.26"]

1. d4 Nf6 2. c4 d6 3. Nc3 e5 4. Nf3 Nbd7 5. Bg5 Be7 6. e3 c6 7. Bd3 h6 8. Bh4
O-O 9. Qc2 exd4 10. exd4 d5 11. O-O dxc4 12. Bxc4 Nb6 13. Bb3 Nfd5 14. Bxe7 Nxe7
15. Rfe1 Bf5 16. Qe2 Ned5 17. Ne5 Re8 18. Qf3 Be6 19. Ne4 Nf6 20. Bc2 Nxe4 21.
Qxe4 f5 22. Qd3 Nd5 23. Bb3 Qf6 24. Rad1 1/2-1/2

[Event "TCh-FRA Top 12 2011"]
[Site "Mulhouse FRA"]
[Date "2011.05.31"]
[Round "6"]
[White "Reinhart, Emmanuel"]
[Black "Gozzoli, Yannick"]
[Result "0-1"]
[WhiteTitle "FM"]
[BlackTitle "IM"]
[WhiteElo "2357"]
[BlackElo "2530"]
[WhiteTeam "C.E. Strasbourg"]
[BlackTeam "Marseille Echecs"]
[WhiteFideId "619400"]
[BlackFideId "616915"]
[EventDate "2011.05.26"]

1. e4 e5 2. Nf3 Nc6 3. Bb5 Nf6 4. Qe2 Bd6 5. d3 O-O 6. c3 Re8 7. h3 Ne7 8. Bc4
Ng6 9. h4 Bc5 10. h5 Nf4 11. Bxf4 exf4 12. Nbd2 d5 13. Bb3 a5 14. O-O-O a4 15.
Bc2 a3 16. b4 Bf8 17. e5 d4 18. Ne4 Nd5 19. h6 g6 20. cxd4 Bxb4 21. Bb3 Ra6 22.
Kb1 Be6 23. Rc1 Be7 24. Nc5 Rb6 25. Nxe6 fxe6 26. Ka1 Bb4 27. Rc4 Bc3+ 28. Kb1
Bb2 29. Qc2 c6 30. Rc5 Rb4 31. Qd2 Qb6 32. Qc2 Bxd4 33. Nxd4 Rxd4 34. Rc4 Rd8
35. Qc1 Rxd3 36. Qxa3 Qxf2 37. Rc2 Qd4 38. Re1 Nc3+ 39. Rxc3 Qxc3 40. Bxe6+ Kh8
41. Qxc3 Rxc3 42. Bf7 Re3 0-1

[Event "TCh-FRA Top 12 2011"]
[Site "Mulhouse FRA"]
[Date "2011.05.31"]
[Round "6"]
[White "Roos, Louis"]
[Black "Miton, Kamil"]
[Result "0-1"]
[WhiteTitle "IM"]
[BlackTitle "GM"]
[WhiteElo "2359"]
[BlackElo "2619"]
[WhiteTeam "C.E. Strasbourg"]
[BlackTeam "Marseille Echecs"]
[WhiteFideId "600288"]
[BlackFideId "1111914"]
[EventDate "2011.05.26"]

1. Nf3 Nf6 2. c4 g6 3. Nc3 Bg7 4. e4 d6 5. h3 e5 6. d3 O-O 7. Bg5 c6 8. Qd2 Na6
9. Be2 Nc5 10. g3 a5 11. Kf1 Ne6 12. h4 h5 13. Kg2 Nxg5 14. hxg5 Nh7 15. Raf1
Bg4 16. Nh4 Bxe2 17. Nxe2 Qxg5 18. Qxg5 Nxg5 19. f4 Nh7 20. f5 g5 21. f6 Nxf6
22. Nf5 Rfd8 23. Nc3 Rd7 24. g4 h4 25. Kf3 Nh7 26. b3 Nf8 27. Rd1 Ne6 28. Ne2
Bf8 29. d4 exd4 30. Nexd4 Re8 31. Rhe1 Bg7 32. Nxg7 Nxg7 33. Nf5 Nxf5 34. gxf5
f6 35. c5 d5 36. e5 Rxe5 37. Rxe5 fxe5 38. Kg4 Rh7 39. Kxg5 Kf7 0-1

[Event "TCh-FRA Top 12 2011"]
[Site "Mulhouse FRA"]
[Date "2011.05.31"]
[Round "6"]
[White "Delorme, Laurie"]
[Black "Roos, Jean-Luc"]
[Result "1/2-1/2"]
[WhiteTitle "WIM"]
[BlackTitle "IM"]
[WhiteElo "2204"]
[BlackElo "2235"]
[WhiteTeam "Marseille Echecs"]
[BlackTeam "C.E. Strasbourg"]
[WhiteFideId "630829"]
[BlackFideId "600601"]
[EventDate "2011.05.26"]

1. d4 e6 2. c4 d5 3. Nc3 Be7 4. Nf3 Nf6 5. cxd5 exd5 6. Bg5 c6 7. Qc2 O-O 8. e3
Nbd7 9. Bd3 Re8 10. O-O Nf8 11. h3 g6 12. Ne5 N6d7 13. Bxe7 Qxe7 14. Nxd7 Bxd7
15. b4 a6 16. Na4 Ne6 17. Rfc1 Rad8 18. Nc5 Bc8 19. a4 Qg5 20. Kh2 Qh4 21. Ra2
Ng5 22. Bf1 Ne4 23. g3 Qe7 24. b5 axb5 25. axb5 Bf5 26. Nxe4 dxe4 27. bxc6 bxc6
28. Qc5 Qf6 29. Qxc6 Be6 30. Rac2 Kg7 31. Bg2 Rc8 32. Qd6 Rxc2 33. Rxc2 Rd8 34.
Qe5 Qxe5 35. dxe5 Rd5 36. Bxe4 Rxe5 37. Bg2 h5 38. Rd2 Ra5 39. Rb2 Rc5 40. Rd2
Ra5 41. Bf3 Rc5 42. Kg2 Ra5 43. Be2 Bd5+ 44. f3 Be6 45. h4 Ra3 46. Kf2 Ra4 47.
e4 Ra3 48. Bd3 Ra5 49. Ke3 Ra3 50. Rc2 Ra5 51. Rc3 Kf6 52. Be2 Kg7 53. Kd4 Ra2
54. Bc4 Bxc4 55. Kxc4 Rg2 56. f4 Kf6 57. Kd4 Rg1 58. Rf3 Rd1+ 59. Rd3 Rg1 60.
Kd5 Ra1 61. Kd4 Rg1 62. f5 gxf5 63. Rf3 Kg6 64. exf5+ Kf6 65. Ra3 1/2-1/2

[Event "TCh-FRA Top 12 2011"]
[Site "Mulhouse FRA"]
[Date "2011.05.31"]
[Round "6"]
[White "Nicoara, Malina"]
[Black "Lambert, Romain"]
[Result "1-0"]
[WhiteTitle "WIM"]
[WhiteElo "2104"]
[BlackElo "2016"]
[WhiteTeam "C.E. Strasbourg"]
[BlackTeam "Marseille Echecs"]
[WhiteFideId "604631"]
[BlackFideId "658111"]
[EventDate "2011.05.26"]

1. d4 d5 2. c4 e6 3. Nc3 c6 4. e4 dxe4 5. Nxe4 Bb4+ 6. Nc3 c5 7. Be3 Nf6 8. a3
Ba5 9. Nf3 Nc6 10. Be2 Ne4 11. Rc1 Nxc3 12. bxc3 cxd4 13. Nxd4 Nxd4 14. Bxd4 O-O
15. O-O Qe7 16. Bd3 Bc7 17. Qh5 g6 18. Qf3 e5 19. Rce1 f6 20. Qe3 Qf7 21. Bxa7
Be6 22. Bc5 Rfd8 23. Rb1 Rxd3 24. Qxd3 Bxc4 25. Qe4 Bd5 26. Qe3 Bc6 27. Rfd1 Qe6
28. Rb2 Bxg2 29. f3 Bh3 30. Rxb7 Qc6 31. Rb2 Rc8 1-0

[Event "TCh-FRA Top 12 2011"]
[Site "Mulhouse FRA"]
[Date "2011.05.31"]
[Round "6"]
[White "Guichard, Pauline"]
[Black "Assad, Karine"]
[Result "1-0"]
[WhiteTitle "WGM"]
[BlackTitle "WFM"]
[WhiteElo "2303"]
[BlackElo "2022"]
[WhiteTeam "Evry Grand Roque"]
[BlackTeam "A.J.E. Noyon"]
[WhiteFideId "639370"]
[BlackFideId "623067"]
[EventDate "2011.05.26"]

1. d4 d5 2. c4 c6 3. Nf3 Nf6 4. e3 e6 5. b3 Nbd7 6. Bb2 b6 7. Bd3 Bb7 8. O-O Bd6
9. Nbd2 O-O 10. Ne5 Qe7 11. Qf3 c5 12. Qh3 g6 13. cxd5 exd5 14. f4 Rfe8 15. Ndf3
Bc8 16. Qh6 Bxe5 17. fxe5 Ng4 18. Qf4 f6 19. Bb5 a6 20. Bc6 Ra7 21. Bxd5+ Kh8
22. e6 1-0

[Event "TCh-FRA Top 12 2011"]
[Site "Mulhouse FRA"]
[Date "2011.05.31"]
[Round "6"]
[White "Le Roux, Jean-Pierre"]
[Black "Iordachescu, Viorel"]
[Result "0-1"]
[WhiteTitle "GM"]
[BlackTitle "GM"]
[WhiteElo "2523"]
[BlackElo "2640"]
[WhiteTeam "Echiquier Guingampais"]
[BlackTeam "Club d'Echecs Metz Fischer"]
[WhiteFideId "609404"]
[BlackFideId "13900200"]
[EventDate "2011.05.26"]

1. d4 Nf6 2. c4 e6 3. Nf3 c5 4. e3 cxd4 5. exd4 d5 6. Nc3 Bb4 7. cxd5 Nxd5 8.
Bd2 Nc6 9. Bd3 Be7 10. O-O O-O 11. a3 Nf6 12. Bg5 Qb6 13. b4 a6 14. Rc1 Qd8 15.
Re1 Bd7 16. Bb1 Nd5 17. Nxd5 Bxg5 18. Nxg5 Qxg5 19. Ne3 Rad8 20. Rc5 f5 21. Nc4
Nxd4 22. Ne5 Bb5 23. Kh1 b6 24. Rc7 Qf4 25. a4 Ne2 0-1

[Event "TCh-FRA Top 12 2011"]
[Site "Mulhouse FRA"]
[Date "2011.05.31"]
[Round "6"]
[White "Riazantsev, Alexander"]
[Black "Cornette, Matthieu"]
[Result "1/2-1/2"]
[WhiteTitle "GM"]
[BlackTitle "GM"]
[WhiteElo "2679"]
[BlackElo "2562"]
[WhiteTeam "Club d'Echecs Metz Fischer"]
[BlackTeam "Echiquier Guingampais"]
[WhiteFideId "4125029"]
[BlackFideId "620084"]
[EventDate "2011.05.26"]

1. d4 Nf6 2. c4 e6 3. Nf3 d5 4. Nc3 Bb4 5. cxd5 exd5 6. Bg5 h6 7. Bh4 g5 8. Bg3
Ne4 9. Nd2 Nxc3 10. bxc3 Bxc3 11. Rc1 Bb2 12. Bxc7 Qe7 13. Bd6 Qe6 14. Rb1 Qxd6
15. Rxb2 Nc6 16. e3 Bf5 17. Rxb7 O-O 18. Qa4 Rfc8 19. Be2 Nd8 20. Rb2 Rc1+ 21.
Bd1 Rac8 22. Nb3 R1c4 23. Qe8+ Kg7 24. Qe5+ 1/2-1/2

[Event "TCh-FRA Top 12 2011"]
[Site "Mulhouse FRA"]
[Date "2011.05.31"]
[Round "6"]
[White "Koch, Jean-Rene"]
[Black "Dumitrache, Dragos-Nicolae"]
[Result "0-1"]
[WhiteTitle "IM"]
[BlackTitle "IM"]
[WhiteElo "2476"]
[BlackElo "2445"]
[WhiteTeam "Club d'Echecs Metz Fischer"]
[BlackTeam "Echiquier Guingampais"]
[WhiteFideId "600148"]
[BlackFideId "1200437"]
[EventDate "2011.05.26"]

1. c4 Nf6 2. g3 c6 3. Bg2 d5 4. Nf3 dxc4 5. O-O Nbd7 6. Na3 Nb6 7. Qc2 Be6 8.
Ng5 Qc8 9. b3 cxb3 10. axb3 g6 11. Nc4 Bxc4 12. bxc4 Bg7 13. Ra5 O-O 14. d3 h6
15. Nf3 Nfd7 16. Bb2 Bxb2 17. Qxb2 Qc7 18. Rfa1 a6 19. R5a3 Nc8 20. c5 Nxc5 21.
Qc1 Qd6 22. d4 Nd7 23. Qxh6 Qf6 24. e4 Qg7 25. Qh4 Qf6 26. Qh3 Rd8 27. e5 Qh8
28. Qg4 Qh5 29. Qf4 Qf5 30. Qh6 Qh5 31. Qf4 Qf5 32. Qe3 Nf8 33. Nh4 Qd7 34. Rd1
Nb6 35. Qh6 Nc4 36. Raa1 a5 37. f4 Ne3 38. f5 Nxf5 39. Nxf5 Qxf5 40. Rf1 Qg4 41.
Rf2 Rxd4 42. Raf1 Rd1 43. Rxf7 Rxf1+ 44. Rxf1 Qd4+ 45. Kh1 Qxe5 46. g4 a4 47.
Qh4 a3 48. Re1 g5 49. Qf2 Qb2 50. Qf5 Qf6 0-1

[Event "TCh-FRA Top 12 2011"]
[Site "Mulhouse FRA"]
[Date "2011.05.31"]
[Round "6"]
[White "Bodenez, Vincent"]
[Black "Lazarev, Vladimir"]
[Result "0-1"]
[BlackTitle "GM"]
[WhiteElo "2199"]
[BlackElo "2443"]
[WhiteTeam "Echiquier Guingampais"]
[BlackTeam "Club d'Echecs Metz Fischer"]
[WhiteFideId "624462"]
[BlackFideId "4113250"]
[EventDate "2011.05.26"]

1. e4 c5 2. Nf3 Nc6 3. d4 cxd4 4. Nxd4 Qc7 5. Nc3 e6 6. Be3 a6 7. Qd2 Nf6 8.
O-O-O Bb4 9. f3 O-O 10. a3 Be7 11. g4 b5 12. g5 Ne8 13. h4 b4 14. axb4 Bxb4 15.
h5 Ne5 16. g6 fxg6 17. hxg6 Nxg6 18. Bd3 Nf6 19. Rdg1 Ne5 20. f4 Bxc3 21. bxc3
Nxd3+ 22. Qxd3 Bb7 23. e5 Ne4 24. Bd2 Qa5 25. Kb2 Rf7 26. Be1 g6 27. Qh3 Rg7 28.
f5 exf5 29. Nxf5 Bd5 30. c4 Rb8+ 31. Qb3 Rxb3+ 32. cxb3 Qb6 33. Nh6+ Kf8 34.
cxd5 Qd4+ 35. Ka3 Qa1+ 36. Kb4 Qd4+ 37. Ka3 Qa1+ 38. Kb4 Qxe5 39. Ka3 Qa1+ 40.
Kb4 d6 41. Rg4 Rb7+ 42. Kc4 Rc7+ 0-1

[Event "TCh-FRA Top 12 2011"]
[Site "Mulhouse FRA"]
[Date "2011.05.31"]
[Round "6"]
[White "Taddei, Benoit"]
[Black "Le Goff, Damien"]
[Result "0-1"]
[WhiteTitle "FM"]
[WhiteElo "2300"]
[BlackElo "2271"]
[WhiteTeam "Club d'Echecs Metz Fischer"]
[BlackTeam "Echiquier Guingampais"]
[WhiteFideId "610151"]
[BlackFideId "634808"]
[EventDate "2011.05.26"]

1. e4 e6 2. d4 d5 3. Nc3 Bb4 4. e5 c5 5. a3 Bxc3+ 6. bxc3 Ne7 7. Qg4 cxd4 8.
Qxg7 Rg8 9. Qxh7 Qc7 10. Ne2 Nbc6 11. f4 dxc3 12. Qd3 d4 13. Rb1 b6 14. Nxd4
Nxd4 15. Qxd4 Bd7 16. Rb3 Nf5 17. Rxc3 Qb7 18. Qf2 Qe4+ 19. Qe2 Qa4 20. Qc4 Qa5
21. Bd2 b5 22. Qe4 Rd8 23. g4 Ne7 24. Rg1 Bc6 25. Qb4 Qb6 26. Be3 Qb7 27. Qc5 a6
28. Qb6 Qd7 29. Rd3 Nd5 30. Qc5 Qb7 31. Bd2 Rc8 32. Qf2 b4 33. axb4 Bb5 34. Rd4
Rxc2 35. Bxb5+ Qxb5 36. Qf1 Qa4 37. Qd3 Rh8 38. Rg2 Rh3 39. Qxh3 Qa1+ 40. Ke2
Qxd4 41. Kd1 Qb2 42. Qf3 Nc3+ 43. Ke1 Qb1+ 44. Kf2 Rxd2+ 45. Kg3 Rd3 0-1

[Event "TCh-FRA Top 12 2011"]
[Site "Mulhouse FRA"]
[Date "2011.05.31"]
[Round "6"]
[White "Riff, Jean-Noel"]
[Black "Shoker, Samy"]
[Result "1/2-1/2"]
[WhiteTitle "IM"]
[BlackTitle "IM"]
[WhiteElo "2502"]
[BlackElo "2466"]
[WhiteTeam "Mulhouse Philidor"]
[BlackTeam "Lutece Echecs"]
[WhiteFideId "611190"]
[BlackFideId "627143"]
[EventDate "2011.05.26"]

1. e4 d6 2. d4 Nf6 3. Nc3 g6 4. Be3 c6 5. h3 Nbd7 6. a4 Bg7 7. g4 Qa5 8. Bg2 Nb6
9. Ne2 Nc4 10. Bc1 h5 11. b3 hxg4 12. bxc4 gxh3 13. Bf3 g5 14. Rf1 g4 15. Bh1 h2
16. Qd3 c5 17. Bd2 Rh3 18. Nb5 Qd8 19. Ng3 a6 20. Nc3 cxd4 21. Nce2 Nd7 22. Nxd4
Qc7 23. c3 Ne5 24. Qe2 Nxc4 25. Bg2 Rh8 26. Rh1 Bd7 27. Ngf5 Be5 28. Ne3 Nxe3
29. Qxe3 Rc8 30. Qg5 Qc5 31. Rc1 Bf6 32. Rxh2 Qxg5 33. Rxh8+ 1/2-1/2

[Event "TCh-FRA Top 12 2011"]
[Site "Mulhouse FRA"]
[Date "2011.05.31"]
[Round "6"]
[White "Bricard, Emmanuel"]
[Black "Babault, Patrice"]
[Result "1-0"]
[WhiteTitle "GM"]
[BlackTitle "FM"]
[WhiteElo "2492"]
[BlackElo "2400"]
[WhiteTeam "Mulhouse Philidor"]
[BlackTeam "Lutece Echecs"]
[WhiteFideId "600245"]
[BlackFideId "623822"]
[EventDate "2011.05.26"]

1. e4 c5 2. Nc3 e6 3. g3 Nc6 4. Bg2 Nf6 5. f4 d5 6. e5 Nd7 7. Nf3 Be7 8. O-O O-O
9. d3 Rb8 10. Ne2 b5 11. g4 f6 12. exf6 Nxf6 13. Bh3 d4 14. Ng5 h6 15. Ne4 Nxe4
16. dxe4 e5 17. Ng3 Bd6 18. f5 Be7 19. c3 Ba6 20. cxd4 Nxd4 21. Kh1 Bg5 22. Bxg5
Qxg5 23. Qc1 Qxc1 24. Rfxc1 c4 25. Bf1 Bb7 26. Kg1 Rfd8 27. Kf2 Rd7 28. Ke3 Kf7
29. Rc3 a6 30. h4 Ke7 31. Rb1 Rc8 32. g5 hxg5 33. hxg5 Rh8 34. Bg2 Rdd8 35. b3
cxb3 36. axb3 Kd6 37. b4 Rh4 38. Rd1 Rg4 39. Ne2 Rxg2 40. Nxd4 Ke7 41. Rc7+ Ke8
42. Rxb7 exd4+ 43. Kf4 Kf8 44. Rc1 d3 45. Rcc7 d2 46. Rf7+ Kg8 47. Rxg7+ Kf8 48.
Rbf7+ Ke8 49. g6 Rg4+ 1-0

[Event "TCh-FRA Top 12 2011"]
[Site "Mulhouse FRA"]
[Date "2011.05.31"]
[Round "6"]
[White "San Emeterio Cabanes, Jose L."]
[Black "Wirig, Anthony"]
[Result "1/2-1/2"]
[WhiteTitle "FM"]
[BlackTitle "IM"]
[WhiteElo "2398"]
[BlackElo "2514"]
[WhiteTeam "Lutece Echecs"]
[BlackTeam "Mulhouse Philidor"]
[WhiteFideId "2223120"]
[BlackFideId "615013"]
[EventDate "2011.05.26"]

1. d4 d5 2. c4 c6 3. Nf3 Nf6 4. e3 e6 5. b3 Nbd7 6. Bb2 Bd6 7. Nbd2 b6 8. Bd3
Bb7 9. Ne5 dxc4 10. Nexc4 Be7 11. e4 O-O 12. e5 Nd5 13. O-O c5 14. Qg4 b5 15.
Nd6 Bxd6 16. exd6 N7f6 17. Qg5 c4 18. bxc4 bxc4 19. Nxc4 Nb4 20. Be2 Ba6 21. Bc3
Bxc4 22. Bxc4 Nbd5 23. Bd2 Qxd6 24. Qe5 Rfd8 25. Bb3 h6 26. Ba5 Nb6 27. Rfd1
Rac8 28. Qxd6 Rxd6 29. Bb4 Rdc6 30. g3 Nfd5 31. Bc5 Nf6 32. Bc2 Nbd7 33. Ba4 Ra6
34. Bb5 Nxc5 35. dxc5 Ra3 36. Rac1 a6 37. Bd7 Rc7 38. c6 Kf8 39. Rb1 Rxa2 40.
Rb7 Rxb7 41. cxb7 Rb2 42. Bb5 Rxb5 43. Rd8+ Ke7 44. b8=Q Rxb8 45. Rxb8 Nd5 46.
Rb7+ Kf6 47. Ra7 Nb4 48. Rb7 Nd5 49. Rd7 h5 50. Rd6 Nb4 51. Rb6 a5 52. Rb5 g6
53. Rxa5 Nd5 54. Kg2 Ke5 55. Ra7 Kf6 56. Kf3 Ne7 57. Ke4 Nf5 58. Rd7 Ne7 59. f4
Nf5 60. Kf3 Ne7 61. h3 Nd5 62. Rb7 Kg7 63. Ke4 Kf6 64. Rb3 Ne7 65. Ra3 Nd5 66.
Rf3 Ne7 67. Ra3 Nd5 68. Ra7 Nc3+ 69. Kf3 Nd5 70. g4 hxg4+ 71. hxg4 Kg7 72. Ke4
Nf6+ 73. Kf3 Nd5 74. g5 Nc3 75. Ke3 Nd5+ 76. Ke4 Nc3+ 77. Ke5 Nd5 78. Ra4 Nb6
79. Rd4 Nd5 80. Kd6 Kf8 81. Rc4 Nb6 82. Re4 Nd5 83. Kd7 Nb6+ 84. Kd8 Nd5 85. Rd4
Nb6 86. Rd1 Nd5 87. Rf1 Ne3 88. Rh1 Ng2 89. Rf1 Ne3 90. Rf3 Nd5 91. Rf2 Kg7 92.
Ke8 Nc7+ 93. Kd7 Nd5 94. Kd6 Nc3 95. Ke5 Nd5 96. Ra2 Nb4 97. Ra8 Nd3+ 98. Ke4
Nb4 99. Rb8 Nd5 100. Ke5 Ne7 101. Kd6 Nd5 102. Kd7 Nxf4 103. Ke8 e5 104. Rb7 Nh3
105. Rxf7+ Kg8 106. Rf6 Kg7 107. Rf7+ Kg8 108. Re7 Nxg5 109. Rxe5 Nh7 110. Re7
Nf6+ 111. Kd8 Kf8 112. Ra7 Nh5 113. Rh7 Ng7 1/2-1/2